Statistiques concernant Saint Seiya - Marinas

Cliquez ici pour prendre le quiz!

Statistiques générales

  • Ce quiz a été pris 26 fois
  • Le résultat moyen est 6 sur 8

Statistiques - réponses

Réponse% Correct
Kanon du Dragon des Mers
90%
Isaak du Kraken
86%
Sorento de la Sirène
86%
Thétis de la Sirène Marine
81%
Io de Scylla
76%
Baian du Cheval des Mers
71%
Krishna de Chrysaor
67%
Caça des Lyumnades
38%

Distribution des résultats

Percentile par nombre de réponses

% des personnes avec chaque résultat

Votre développement - résultats

Vous n’avez pas pris ce quiz